000 00603cam a2200217u 4500
001 6096862
003 ARRUPE
005 20131211161929.0
008 820930s1961 enka 000 0 eng
010 _a 62003118
040 _aDLC
_cCarP
_dDLC
043 _af------
050 0 0 _aSPC DT12.2
_b.P7 1961
100 1 _aPrice, Willard,
_d1887-
_95514
245 1 0 _aIncredible Africa.
260 _aLondon,
_bHeinemann
_c[1961]
300 _a213 p.
_billus.
_c22 cm.
651 0 _aAfrica
_xDescription and travel.
_95515
906 _a0
_bcbc
_cpremunv
_du
_encip
_f19
_gy-gencatlg
942 _2lcc
_cREFERENCE
999 _c119207
_d119207